000 00733nam a2200253Ia 4500
003 OSt
005 20220925204954.0
006 a|||||r|||| 00| 0
007 ta
008 220923b |||||||| |||| 00| 0 eng d
037 _cGeneral Book
040 _aRTL
_cRTL
_beng
041 _2eng
_aeng
082 _aU3:(G:5).7292.N7, M3
100 _aSouth G Robin Ed.
_9269363
245 0 _aBiogeography and ecology of the Islands of New fou
260 _aHague
_bW Junk
_c1983
300 _a723p
_ccm.
490 _aonographiae Biologicae; 48
500 _aBibliography Chapterwise
650 _aBiogeography
942 _hU3:(G:5).7292.N7, M3
_cGB
_2CC
999 _c550885
_d550885